Brawl Stars - guess records picture - Statistics

General Stats
  • This quiz has been taken 12 times
  • The average score is 7 of 10
Answer Stats
Question Answer % Correct
Bo:
82%
Colette:
82%
Mortis:
73%
Janet:
64%
Poco:
64%
Edgar:
64%
Maisie:
64%
Brock:
55%
Spike:
55%
Byron:
55%
No matching quizzes found
Score Distribution
Percent of People with Each Score
Percentile by Number Answered
Your Score History
You have not taken this quiz